000 00853nas a2200265 4500
001 BR8204424
003 BR-BrBNA
005 20231205085220.0
007 ta
008 230509b bl.|||p| |||| 00| 00por d
040 _aBR-BrBNA
_bpor
_cBiblioteca Nacional de Agricultura
041 _a(Pt)
072 _aH10; F10
100 1 _aAzambuja, M.D. de
100 1 _aSilva, T.L. da
245 1 _aFlutuacao populacional do acaro da falsa ferrugem - Phyllocoptruta oleivora (Ashm., 1879)em citros, no Rio Grande do Sul [Brasil]
650 _aACARO
650 _aFLUTUACAO POPULACIONAL
650 _aTEMPERATURA
650 _aFRUTA CITRICA
650 _aRIO GRANDE DO SUL
773 0 _tAgronomia Sulriograndense (Brazil)
_xISSN 0400-8111
_g(1982), v. 18(1) p. 145-152
_wBR8204424
909 _a202311
_bLúcia
_c55
_dLúcia Elande
942 _2AGRIS
_n0
_cANA
999 _c110042
_d110042